UBT Library

Essentials of health care finance / (Record no. 1169)

000 -LEADER
fixed length control field 00468nam a22001697a 4500
008 - FIXED-LENGTH DATA ELEMENTS--GENERAL INFORMATION
fixed length control field 150923b xxu||||| |||| 00| 0 eng d
020 ## - INTERNATIONAL STANDARD BOOK NUMBER
International Standard Book Number 0763724955
041 0# - LANGUAGE CODE
Language code of text/sound track or separate title eng
080 ## - UNIVERSAL DECIMAL CLASSIFICATION NUMBER
Universal Decimal Classification number 336
245 ## - TITLE STATEMENT
Title Essentials of health care finance /
Statement of responsibility, etc William I. Cleverley; Andrew E. Cameron;
250 ## -
-- 6th ed.
260 ## -
-- Canada:
-- Jones and Barlett Publishers;
-- 2007.
300 ## -
-- 541 f.:
-- me il.;
-- 26.
650 #0 -
-- Financë
650 #0 -
-- Shëndeti
942 ## - ADDED ENTRY ELEMENTS (KOHA)
Source of classification or shelving scheme
Item type Books
Holdings
Withdrawn status Lost status Source of classification or shelving scheme Damaged status Not for loan Collection code Permanent location Current location Shelving location Date acquired Total Checkouts Full call number Barcode Date last seen Price effective from Koha item type
          Koleksioni i përgjithshem UBT - Lipjan UBT - Lipjan Koleksioni i përgjithshem 09/23/2015   336 CLE 002-007669 09/23/2015 09/23/2015 Books
          Koleksioni i përgjithshem UBT - Lipjan UBT - Lipjan Koleksioni i përgjithshem 09/23/2015   336 CLE 002-007667 09/23/2015 09/23/2015 Books
UBT Library © 2015-2024. All rights reserved University Education for Business and Technology